| 000 | 01040nam a22003137a 4500 | ||
|---|---|---|---|
| 001 | 7666 | ||
| 003 | FISKH | ||
| 005 | 20250730144125.0 | ||
| 008 | 250730b cb ||||| |||| 00| 0 eng d | ||
| 020 | _a9780517596920 | ||
| 040 |
_aFISKH _beng _cFISKH _dFISKH |
||
| 050 | _aPZ7.G29347 H | ||
| 082 | _a823.92 | ||
| 100 | _aGeraghty, Paul | ||
| 245 |
_aThe hunter / _cBy Paul Geraghty |
||
| 250 | _aFirst American Edition | ||
| 260 |
_aNew York : _bCrown Publishers, Inc . , _c1994. |
||
| 300 |
_a30 unnumbered pages : _bcolor illustrations ; _c27 cm . |
||
| 505 | _aK | ||
| 520 | _aAfter being separated from her grandfather in the forest, a young African girl sees elephant poaching firsthand when she rescues a baby elephant whose mother has been killed by hunters. | ||
| 521 | 8 |
_a510
_bLexile estimate |
|
| 521 | 8 |
_aK
_bRaz-Plus |
|
| 650 |
_aAfrica _vFiction |
||
| 650 |
_aElephants _vFiction |
||
| 650 |
_aHunting _vFiction |
||
| 650 |
_aGrandfathers _vFiction |
||
| 942 |
_2ddc _cBK _n0 |
||
| 999 |
_c7666 _d7666 |
||